| 000 | 00000nam##2200000za#4500 |
| 001 | 9.662256 |
| 003 | CaOODSP |
| 005 | 20210507160757 |
| 007 | ta |
| 008 | 150407|2000||||xxc||||| f|0| 0 fre|d |
| 020 | |a0-662-65296-7 |
| 040 | |aCaOODSP|bfre |
| 041 | |aeng |
| 041 | |afre |
| 043 | |an-cn--- |
| 086 | 1 |aCW66-190/2000 |
| 110 | 2 |aService canadien de la faune. |
| 245 | 10|aService canadien de la faune, Plan stratégique 2000 : |bla direction à suivre pour le Programme de conservation des espèces sauvages d'Environnement Canada |
| 260 | |aOttawa - Ontario : |bEnvironnement Canada. |c2000. |
| 300 | |a23p. : |bill. en couleur ; |c28 cm. |
| 563 | |aCouverture souple |
| 590 | |a02-13|b2002-03-28 |
| 691 | 07|aProtection de la nature|2gcpds |
| 691 | 07|aFaune|2gcpds |
| 691 | 07|aStratégie|2gcpds |
| 691 | 07|aEspèce menacée|2gcpds |
| 776 | 0#|tPlan stratégique du Service canadien de la faune 2000 : |w(CaOODSP)9.639901 |
| 776 | 0#|tCanadian Wildlife Service strategic plan 2000 : |w(CaOODSP)9.695781 |
| 791 | |tCanadian Wildlife Service strategic plan 2000 : |eeng|w(CaOODSP)9.662255 |